01257nam a2200205Ia 450000500170000000800410001702000150005804000180007304100080009111101420009924500640024126000600030530000280036549000420039350503510043565000810078665000290086765000760089665100790097220211020110638.0130821s2005 ck gr spa  a9587015878 aCo-BoUCMbspa00aspa1 aPrimera reunión temática sobre promoción de las relaciones comerciales y concertación de negocios (2004 : Nov. 24 y 25: Bogotá)10aRed de Ciudades RAC MemoriascAlcaldía Mayor de Bogotá aBogotá (Colombia)bAlcaldía Mayor de Bogotác2005 a118 páginase1 CD-ROM aColección Integración Regionalv3 aCD-ROM: Memorias 1 Reunión Temática sobre promoción de relaciones comerciales y concertación de negocios y Foro Andino: Las ciudades-región en el nuevo sistema económico internacional, una mirada desde la integración Andina. -- Documentos 2 Reunión Plenaria: Actas; Estatutos; Plan de Trabajo 2005-2006; Declaración de Bogotá.04aCooperación internacionalzPaíses andinosvCongresos, conferencias, etc.04aEconomía internacional04aRelaciones comercialeszPaíses andinosvCongresos, conferencias, etc. aPaíses andinosxIntegración económicavCongresos, conferencias, etc.